Normal view
MARC view
Entry Término temático
001 - NÚMERO DE CONTROL
- campo de control: 189469
003 - IDENTIFICADOR DEL NÚMERO DE CONTROL
- campo de control: OSt
005 - FECHA Y HORA DE LA ÚLTIMA TRANSACCIÓN
- campo de control: 20240826083301.0
008 - DATOS DE LONGITUD FIJA
- campo de control de longitud fija: 240826|| aca||babn | a|a d
040 ## - FUENTE DE LA CATALOGACIÓN
- Centro catalogador/agencia de origen: CHAP
150 ## - ENCABEZAMIENTO--TÉRMINO DE MATERIA
- Término de materia o nombre geográfico como elemento de entrada: Universidad Autónoma Chapingo
- Término de materia que sigue a un nombre geográfico como elemento de entrada: Medios impresos
